| 000 | 00416 a2200109 4500 | ||
|---|---|---|---|
| 001 | ART_3526 | ||
| 005 | 20260410161715.0 | ||
| 008 | 260409a | ||
| 245 | 1 | 0 | _aFlexibilidad de precios, variaciones de stock e incertidumbre: la política antiinflacionaria después del Plan Austral |
| 100 | 1 | _aGuerberoff, Simón L. | |
| 773 | 0 |
_tDesarrollo económico _g- Vol. 27, Nº 106 (jul./sep. 1987) _wREV1174 |
|
| 999 |
_c16473 _d16473 |
||